| 000 | 00730nam a22002657a 4500 | ||
|---|---|---|---|
| 005 | 20250926135841.0 | ||
| 008 | 181130b2001 xxu||||| |||| 00| 0 spa d | ||
| 020 | _a9584100971 | ||
| 041 | _aESP | ||
| 082 | _a658.382 B562s | ||
| 100 |
_aBetancur Gómez, Fabiola _950901 |
||
| 245 | _aSalud ocupacional: un enfoque humanista | ||
| 260 | _aColombia | ||
| 260 | _bMcGraw-Hill | ||
| 260 | _c2001 | ||
| 300 | _a193 páginas | ||
| 490 | _aDirección de Educación Comunitaria y Asistencia Técnica | ||
| 490 | _aTemática General | ||
| 650 | _aSALUD OCUPACIONAL | ||
| 650 | _aRECURSOS HUMANOS | ||
| 650 | _aMOTIVACIÓN | ||
| 650 | _aASERTIVIDAD | ||
| 650 | _aGESTIÓN DEL DESEMPEÑO EN SEGURIDAD | ||
| 942 |
_cBK _2ddc |
||
| 999 |
_c11378 _d11378 |
||